000 00279nam a2200109Ia 4500
008 171211s9999 xx 000 0 und d
245 4 _aThe End of Evolution
245 _cPeter Ward
260 _c1994
650 _xBiology
856 _uhttp://down.ebook777.com/062/0553088122.pdf
999 _c350411
_d350411